01291cam a2200277 a 450000100100000000500170001000800410002704000300006808200200009810000400011824500900015826000840024830000340033249000140036649000220038065000380040265000420044065000470048283000420052991000340057104900090060595201240061495201290073895201290086799900170099600001518220200929163957.0840403s1974 sp a 001 0 spa  aDO-SdBNPbspacDLCdBNPHU a264.2395bC223g1 aCanino Salgado, Marcelino J.93438510aGozos devocionales de la tradición puertorriqueña /cMarcelino J. Canino Salgado. aMadrid, España :bEditorial Universitaria, Universidad de Puerto Rico,c1974. a148 p. :bil., rets ;c18 cm.1 aUprexv321 aLengua y folklore 4aIglesia católicaxHimnos934386 4aHimnos religiososzPuerto Rico934387 4aPoesía religiosa puertorriqueña934388 0aUprexpLengua y folklore ;v32934389 aCatalogación por copia / LC aBNGR 001054708MOaGRbGRcCTd2010-02-02iLF1l0o264.2395 C223gp15182-10r2020-06-25w2020-06-25y4ZPréstamo en sala 001052728MOaGRbGRcCTd2010-02-02iLF1l0o264.2395 C223gp15182-20r2020-06-25te.2w2020-06-25y2ZPréstamo interno 001052708MOaGRbGRcCTd2010-02-02iLF1l0o264.2395 C223gp15182-30r2020-06-25te.3w2020-06-25y2ZPréstamo interno c14753d14753